Extravíos /

Compilación de 147 columnas periodísticas que el autor, crítico de arte y catedrático español, escribió en el suplemento Babelia del periódico El País a lo largo de 15 años, y en el que demuestra su erudición sobre la poesía y el arte.

Guardado en:
Detalles Bibliográficos
Autor principal: Calvo Serraller, Francisco (autor)
Otros autores: Aguado, Jesús (selección y prólogo) (selección y prólogo)
Formato: Libro
Idioma:Español
Publicado: Madrid, España : Fondo de Cultura Económica, 2011, c2011
Colección:(Tezontle)
Temas:
Etiquetas: Agrega una etiqueta
Sin etiquetas, Sé el primero en etiquetar este registro!

MARC

LEADER 00000nam^a2200000^a^4500
001 000591534
005 20250521000000.0
009 20260310132930.691
020 |a 978-84-375-0662-3 
037 |a Acervo ITESO - Biblioteca 
041 |a ESP 
082 |a 709.  |b CAL 
100 |a Calvo Serraller, Francisco  |e (autor) 
245 1 0 |a Extravíos /  |c F. Calvo Serraller ; selec. y pról. de J. Aguado. 
264 4 |a Madrid, España :  |b Fondo de Cultura Económica,  |c 2011, c2011 
300 |a 332 p. 
336 |a texto  |b txt  |2 rdacontenido 
337 |a sin mediación  |b n  |2 rdamedio 
338 |a volumen  |b nc  |2 rdasoporte 
440 1 |a (Tezontle) 
520 |a Compilación de 147 columnas periodísticas que el autor, crítico de arte y catedrático español, escribió en el suplemento Babelia del periódico El País a lo largo de 15 años, y en el que demuestra su erudición sobre la poesía y el arte. 
521 |a FIL 2024 DIA 
649 |a XX 
650 |a Artículos Periodísticos Españoles 
650 |a Ensayos Españoles 
650 |a Periodismo Cultural -  |z España 
650 |a Periodismo -  |z España 
650 |a Poesía -  |x Historia y Crítica 
650 |a Literatura y Periodismo -  |z España 
650 |a Literatura -  |x Historia y Crítica 
650 |a Arte -  |x Historia y Crítica -  |x Tema Principal 
700 |a Aguado, Jesús  |e (selección y prólogo) 
910 |a Fondo General 
920 |a Impresos - Libros 
930 |a Colección General 
905 |a 101 
901 |a 591583-10  |b IT1  |c ACC  |i C188088  |u 20250521 
902 |a https://opac.biblio.iteso.mx/vufind/Record/000591534